• 首页
  • 本馆介绍
  • 公告通知
  • 最新文献
  • 馆藏检索
  • 电子资源
  • 读者导购
  • 参考咨询
  • 我的图书馆
  • 登录
  • 详细信息显示
  • 放入我的书架
  • 预约/预借图书
  • 作者相关作品
  • 分类相关作品
  • 丛书相关作品
  • 出版社相关作品

书目信息

  • 表格格式
  • 工作单格式
  • 卡片格式
书名: A new history of philosophy
作者: Wallace I. Matson ; under the general editorship of Robert J. Fogelin.
分册号:
分册名: ANCIENT AND MEDIEVAL /
出版地: San Diego :
 
出版社: Harcourt Brace Jovanovich
出版时间: c1987.
页数: 2 v. (xxxvii, 485 p.) :
开本: 22 cm.
丛书名:
中图分类号:
科图分类号:
其他分类号: B1
主题词:
电子资源:
000 01010nam a2200289 a 450
001 E0756357353
005 20070401160056.85
008 851230s1987 caua b 001 0 eng
010    @a85082624
020    @a0155657283 (v. 1 : pbk.).
020    @a0155657291 (v. 2 : pbk.).
035    @A(DLC) 85082624
040    @aDLC@cDLC@dDLC
050 00 @aB72@b.M373 1987
082 00 @a190@2 19
090    @aB1
099    @dB1@ex3
100 1  @aMatson, Wallace I.
245 12 @aA new history of philosophy.@nVOLUME Ⅰ,@pANCIENT AND MEDIEVAL / @cWallace I. Matson ; under the general editorship of Robert J. Fogelin.
260    @aSan Diego :@bHarcourt Brace Jovanovich,@cc1987.
300    @a2 v. (xxxvii, 485 p.) :@bill. ;@c22 cm.
504    @aIncludes bibliographies and index.
505 0  @av. 1. Ancient & medieval -- v. 2. Modern.
650  0 @aPhilosophy@xHistory.
700 1  @aFogelin, Robert J.
906    @a7@bcbc@corignew@d2@eopcn@f19@gy-gencatlg
991    @bc-GenColl@hB72@i.M373 1987@tCopy 1@wBOOKS
    
    A new history of philosophy.. VOLUME Ⅰ,. ANCIENT AND MEDIEVAL / / Wallace I. Matson ; under the general editorship of Robert J. Fogelin.-San Diego : : Harcourt Brace Jovanovich, , c1987.
    2 v. (xxxvii, 485 p.) : : ill. ; ; 22 cm.
    Includes bibliographies and index.-v. 1. Ancient & medieval -- v. 2. Modern.
    
    ISBN 0155657283 (v. 1 : pbk.).
    
●
相关链接 在E读中查询图书 在五车中查询图书 在当当中查询图书 在豆瓣中查询图书


正题名:new history of philosophy     索取号:B1/x3         预约/预借

序号 登录号 条形码 馆藏地/架位号 状态 备注
1 0003894   300038947   第二样本阅览室/ [索取号:B1/x3] 在馆    
唐山师范学院图书馆 欢迎您!
大连网信软件有限公司© 版权所有